000 00238nam a22000857a 4500
008 160630b xxu||||| |||| 00| 0 eng d
100 _91609
_aTayal, B.B
245 _aPolitical Theory and Indian Democracy - XII
260 _aNEW DELHI
_bARYA
_c2004
999 _c1333
_d1333